| 000 | 00597nam a2200193 a 4500 | ||
|---|---|---|---|
| 001 | 000022770 | ||
| 005 | 20200930021804.0 | ||
| 008 | 101117s1968 sp ab r 000 0 spa d | ||
| 040 |
_aDO-SdBNP _bspa _cBNPHU |
||
| 082 |
_axxxx _bV695d |
||
| 100 | 1 |
_aVila, Enriqueta _946783 |
|
| 245 | 1 | 0 |
_aDieciséis santos de América / _cEnriqueta Vila. |
| 260 |
_aBilbao : _bMoretón, _c1968. |
||
| 300 |
_a189 p. : _bil., map. ; _c16 cm. |
||
| 490 | 1 | _aPanoramas de la historia uniersal | |
| 500 | _aIncluye bibliografía p. [187-189]. | ||
| 830 | 0 |
_aPanoramas de la historia uniersal _946784 |
|
| 049 | _aBNGR | ||
| 999 |
_c22267 _d22267 |
||